Normal view
MARC view
- Lieutenant Colonel Muhammad Sherbaz Khan, Kanwar
Entry Personal Name
001 - CONTROL NUMBER
- control field: 42545
003 - CONTROL NUMBER IDENTIFIER
- control field: NUST
005 - DATE AND TIME OF LATEST TRANSACTION
- control field: 20210314132340.0
008 - FIXED-LENGTH DATA ELEMENTS
- fixed length control field: 210314|| aca||aabn | a|a d
040 ## - CATALOGING SOURCE
- Original cataloging agency: NUST
- Transcribing agency: NUST
100 ## - HEADING--PERSONAL NAME
- Personal name: Lieutenant Colonel Muhammad Sherbaz Khan, Kanwar
670 ## - SOURCE DATA FOUND
- Source citation: Work cat.: (NUST): Lieutenant Colonel Muhammad Sherbaz Khan, Kanwar, A review of manual minelaying, 1989
